Teaching Geography in Secondary Schools (Record no. 301310)

000 -LEADER
fixed length control field 00299 a2200121 4500
001 - CONTROL NUMBER
control field 66237
082 ## - DEWEY DECIMAL CLASSIFICATION NUMBER
Classification number 372.89044 SMI
090 ## - LOCALLY ASSIGNED LC-TYPE CALL NUMBER (OCLC); LOCAL CALL NUMBER (RLIN)
-- 38522
-- 38522
100 ## - MAIN ENTRY--PERSONAL NAME
Personal name Maggie Smith
245 ## - TITLE STATEMENT
Title Teaching Geography in Secondary Schools
260 ## - PUBLICATION, DISTRIBUTION, ETC.
Place of publication, distribution, etc. New York
Name of publisher, distributor, etc. Routledge Falmer
Date of publication, distribution, etc. 2002
300 ## - PHYSICAL DESCRIPTION
Extent 330p.
942 ## - ADDED ENTRY ELEMENTS (KOHA)
Institution code [OBSOLETE] NUST-CAE
Call number prefix 372.89044 SMI
Holdings
Withdrawn status Lost status Damaged status Not for loan Collection code Permanent Location Current Location Date acquired Total Checkouts Full call number Barcode Date last seen Price effective from Koha item type
          College of Aeronautical Engineering (CAE) College of Aeronautical Engineering (CAE) 04/03/2017   372.89044 SMI CAE81600 04/05/2017 04/05/2017 Book
© 2023 Central Library, National University of Sciences and Technology. All Rights Reserved.